[Event "MEX-ch"]
[Site "Pachuca"]
[Date "2007.11.09"]
[Round "4"]
[White "Tapie Amione, Pablo Adib"]
[Black "Barajas Daniel, Christian"]
[Result "1-0"]
[WhiteElo "2189"]
[BlackElo "1967"]
[PlyCount "59"]
[EventDate "2007.11.08"]
[EventType "swiss"]
[EventRounds "6"]
[EventCountry "MEX"]
[SourceTitle "EXT 2024"]
[Source "ChessBase"]
[SourceDate "2023.10.10"]
[SourceVersion "1"]
[SourceVersionDate "2023.10.10"]
[SourceQuality "1"]

1. e4 c5 2. Nc3 Nc6 3. Nf3 g6 4. Bb5 Bg7 5. d3 d6 6. e5 d5 7. Bxc6+ bxc6 8. h3 e6 9. 0-0 Qc7 10. Re1 Ba6 11. b3 Ne7 12. Ba3 Qa5 13. Bb2 0-0 14. Na4 c4 15. Bc3 Qb5 16. Nd4 Qb7 17. Nc5 Qc8 18. g4 cxd3 19. cxd3 Bb7 20. Rc1 Qc7 21. Qd2 Nc8 22. f4 Nb6 23. a4 Bc8 24. a5 Nd7 25. Ndxe6 fxe6 26. Nxe6 Qb7 27. Nxg7 Kxg7 28. e6+ Kg8 29. e7 Re8 30. Qe3 1-0